000 00255nam a2200109Ia 4500
008 200302s9999 xx 000 0 und d
100 _aJames Mitchell
245 _aA-k Fact Index
260 _bMitchell Beazley Publishing
260 _c1977
300 _a432 P.,
999 _c260
_d260